[Event "Wch U10 Girls"]
[Site "Batumi"]
[Date "2022.09.27"]
[Round "11"]
[White "Kovalenko, Taisiya"]
[Black "Khikmatkhonova, Mokhinur"]
[Result "1/2-1/2"]
[WhiteElo "1317"]
[BlackElo "1158"]
[PlyCount "35"]
[EventDate "2022.09.16"]
[EventType "swiss"]
[EventRounds "11"]
[EventCountry "GEO"]
[SourceTitle "EXT 2023"]
[Source "ChessBase"]
[SourceDate "2022.10.05"]
[SourceVersion "1"]
[SourceVersionDate "2022.10.05"]
[SourceQuality "1"]

1. e4 c5 2. Nc3 e6 3. d3 a6 4. g3 d6 5. Bg2 Be7 6. f4 Qc7 7. Nf3 Nc6 8. 0-0 Nf6 9. h3 b5 10. g4 h6 11. Bd2 Bb7 12. Ne2 Nd7 13. Re1 Bf6 14. Rb1 g6 15. Ng3 Nd4 16. Be3 Nxf3+ 17. Bxf3 Bh4 18. Bf2 1/2-1/2

[Event "Wch U10 Girls"]
[Site "Batumi"]
[Date "2022.09.25"]
[Round "9"]
[White "Kovalenko, Taisiya"]
[Black "Tripurambika, V."]
[Result "0-1"]
[WhiteElo "1317"]
[BlackElo "1183"]
[PlyCount "202"]
[EventDate "2022.09.16"]
[EventType "swiss"]
[EventRounds "11"]
[EventCountry "GEO"]
[SourceTitle "EXT 2023"]
[Source "ChessBase"]
[SourceDate "2022.10.05"]
[SourceVersion "1"]
[SourceVersionDate "2022.10.05"]
[SourceQuality "1"]

1. e4 e5 2. Nf3 Nc6 3. Bb5 a6 4. Ba4 Nf6 5. 0-0 Be7 6. Re1 b5 7. Bb3 d6 8. c3 Na5 9. Bc2 0-0 10. a4 Bb7 11. d3 c5 12. Bd2 Nc6 13. Qe2 Qb6 14. Na3 Rfc8 15. Nh4 Bd8 16. Bg5 h6 17. Bd2 Kh7 18. Qf3 bxa4 19. Qh3 Ne7 20. Nc4 Qc7 21. Re3 g6 22. Rg3 Nh5 23. Rf3 Ng8 24. Nf5 Be7 25. Nxe7 Qxe7 26. Nb6 Rab8 27. Nd7 Ra8 28. Bxa4 Rd8 29. Nb6 Rab8 30. Bb3 f5 31. Bd5 f4 32. g3 Bxd5 33. Nxd5 Qg5 34. Kh1 Rxb2 35. Bc1 Rb7 36. gxf4 Nxf4 37. Nxf4 exf4 38. Bxf4 Qh5 39. Qxh5 gxh5 40. Rxa6 Rf8 41. Kg2 Rg7+ 42. Bg3 Rd8 43. Kf1 d5 44. exd5 Rxd5 45. c4 Rdg5 46. Rc6 Ne7 47. Rc7 Nf5 48. Rxg7+ Kxg7 49. Bf4 Rg4 50. Be5+ Kg6 51. Ke1 Rg1+ 52. Kd2 Rb1 53. Rf4 Rh1 54. Re4 Rf1 55. Re2 h4 56. Kc3 Ra1 57. Kb3 Ra7 58. Bc3 Rd7 59. Rd2 Ra7 60. Re2 Rd7 61. Rd2 Ra7 62. Re2 Rd7 63. Re6+ Kg5 64. Kc2 Rc7 65. Bd2+ Kg4 66. Bc3 Kg5 67. Re4 Ra7 68. Kb3 Kg6 69. Re5 Nd4+ 70. Bxd4 cxd4 71. Rd5 Rb7+ 72. Kc2 Rf7 73. f3 Rxf3 74. Rxd4 Rf2+ 75. Kd1 Rxh2 76. Ke1 h3 77. Kf1 Rg2 78. Rh4 Rg3 79. Rd4 h5 80. c5 h2 81. Rh4 Rg1+ 82. Ke2 h1Q 83. Rxh1 Rxh1 84. d4 Kf6 85. d5 Ke5 86. d6 Ke6 87. Kd2 Rh3 88. Kc2 Re3 89. Kd2 Re5 90. Kd3 h4 91. Kd4 h3 92. c6 Kxd6 93. c7 Rc5 94. c8Q Rxc8 95. Kd3 h2 96. Ke3 h1Q 97. Kd3 Qd5+ 98. Ke3 Re8+ 99. Kf4 Qf7+ 100. Kg4 Rg8+ 101. Kh4 Qh7# 0-1